000 01022cab a22002175a 4500
001 L137286
008 070327e20070309xxk f 000 0 eng d
035 _a(Sirsi) u137286
041 0 _aeng
100 1 _aPotter, James
245 0 0 _aGang leader
260 _c2007
490 0 _aSJFocus
_v151(10) 9 March 2007, 10-12(2)
520 _aDiscusses the background to and provisions of the Gangmasters (Licensing) Act 2004 which applies special provisions to the supply and use of temporary labour for agricultural work. The purpose of the Act was to improve the regulation of specified temporary labour by replacing several pieces of legislation with a single Act containing new criminal offences applied by a new regulatory authority, the Gangmasters Licensing Authority (GLA).
590 _aKA
650 2 4 _aGANGMASTERS (LICENSING) ACT 2004
650 2 4 _aGANGMASTERS LICENSING AUTHORITY
651 4 _aEngland and Wales
_y1543-
690 _aENVIRONMENTAL AND LAND CONSULTANCY-AGRIBUSINESS-AGRICULTURE
942 _n0
999 _c78581
_d78581